000 00601nam a2200193 i 4500
001 101185
003 ES-MaACL
005 20250829062541.0
007 t|
008 051014s1976 sp ||||1| spa d
100 1 _aMaurois, André,
_d1885-1967
_979267
245 1 0 _aCarta abierta a la juventud de hoy /
_cAndré Maurois, [seud.] de Emile Herzog; [versión de Augusto Martínez Torres].
250 _a[1ª ed.].
260 _aMadrid :
_bUltramar,
_c1976.
300 _a124 p. ;
_c19 cm.
700 1 _aTorres, Augusto M.
_9110879
852 _aES-MaACL
_jA-5773
_bR.94805
999 _c101185
_d101185